Análisis crítico del régimen municipal y proposiciones para una nueva legislación

-д хадгалсан:
Номзүйн дэлгэрэнгүй
Үндсэн зохиолчид: Aylwin Azócar, Arturo (Зохиогч), Alfonso I., Hugo (Зохиогч), Oyaneder V., Patricio (Зохиогч)
Формат: Ном
Хэл сонгох:испани
Хэвлэсэн: Santiago Jurídica de Chile 1971
Нөхцлүүд:
Шошгууд: Шошго нэмэх
Шошго байхгүй, Энэхүү баримтыг шошголох эхний хүн болох!

MARC

LEADER 00000nam a2200000 a 4500
001 UCS0627
003 CL-VaPUC
008 970426e19710000CL |||||||||||||||||spa|d
082 0 4 |a 342.02  |b AYL  |2 21 
100 0 |a Aylwin Azócar, Arturo  |e author  |9 384345 
700 0 |a Alfonso I., Hugo  |e author  |9 384346 
700 0 |a Oyaneder V., Patricio  |e author  |9 384347 
245 1 0 |a Análisis crítico del régimen municipal y proposiciones para una nueva legislación 
300 |a 263 p 
942 |c BK 
945 |d 19970426 00:00:00  |a paguirre 
260 |a Santiago  |b Jurídica de Chile  |c 1971 
650 0 |a Derecho administrativo  |9 254851 
650 0 |a Municipalidades   |9 255557 
650 7 |a LEY ORGANICA DE MUNICIPALIDADES  |2 CL-VaPUC  |9 384147 
650 0 |a Administración pública   |9 255343 
650 7 |a EMPLEADOS PUBLICOS  |2 CL-VaPUC  |9 256133 
651 0 |a Europa  |9 255156 
651 7 |a CHILE  |2 CL-VaPUC  |9 384348 
583 |a last modification  |c 19970426 00:00:00  |k Rodrigo Vera 
999 |c 258847  |d 258845 
952 |0 0  |1 0  |4 0  |6 342_020000000000000_AYL_1971  |7 0  |8 A  |9 283188  |a BIBDER  |b BIBDER  |d 2019-11-19  |i 3893960  |o 342.02 AYL 1971  |p 3893960  |r 2023-01-25  |w 2019-11-19  |y BK  |k DER